Piłkarze SL Benfica - nagła śmierć - Statystyki

Ogólne statystyki
  • Ten quiz został rozwiązany 80 razy
  • Średni wynik to 12 z 17
Answers on the Grid
Answers color-coded by a green-red scale on the quiz's grid according to % correct below.
Cristiano Ronaldo
Jan Oblak
Bernardo Silva
Andrea Pirlo
João Félix
Ángel Di María
Lamine Yamal
Cesc Fàbregas
João Neves
Julián Álvarez
Enzo Fernández
Rúben Dias
Piotr Zieliński
João Cancelo
Marco Reus
David Luiz
Sergio Ramos
Cole Palmer
Darwin Núñez
Raphinha
Marco Verratti
Deco
Dani Alves
Gonçalo Ramos
Thibaut Courtois
Yaya Touré
Alejandro Grimaldo
Gareth Bale
Edinson Cavani
Axel Witsel
Thiago Silva
Júlio César
Andrea Belotti
Jan Vertonghen
Carlos Tevez
Vinícius Júnior
 
Statystyki odpowiedzi
Odpowiedź % Poprawnych
Ángel Di María
95%
João Félix
95%
Rúben Dias
84%
Gonçalo Ramos
82%
Bernardo Silva
81%
João Neves
81%
Darwin Núñez
79%
Enzo Fernández
78%
João Cancelo
78%
Alejandro Grimaldo
71%
David Luiz
64%
Jan Oblak
64%
Jan Vertonghen
59%
Axel Witsel
51%
Júlio César
51%
Deco
41%
Andrea Belotti
29%
Nie znaleziono quizów pasujących do podanych kryteriów
Rozkład punktacji
Procent ludzi z każdym wynikiem
Percentyl według liczby udzielonych odpowiedzi
Twoja historia wyników
Nie rozwiązałeś tego quizu